• 首页
  • 本馆介绍
  • 公告通知
  • 最新文献
  • 馆藏检索
  • 电子资源
  • 读者导购
  • 参考咨询
  • 我的图书馆
  • 登录
  • 详细信息显示
  • 放入我的书架
  • 预约/预借图书
  • 作者相关作品
  • 分类相关作品
  • 丛书相关作品
  • 出版社相关作品

书目信息

  • 表格格式
  • 工作单格式
  • 卡片格式
书名: The Iroquois struggle for survival
作者: Laurence M. Hauptman.
分册号:
分册名:
出版地: Syracuse, N.Y. :
 
出版社: Syracuse University Press
出版时间: 1986.
页数: xiii, 328 p. :
开本: 24 cm.
丛书名: An Iroquois book
中图分类号:
科图分类号:
其他分类号: K351.0
主题词:
电子资源:
000 01078cam a2200325 a 450
001 E0762892311
005 20070516173036.31
008 850913s1986 nyua b 001 0 eng
010    @a85022306
020    @a081562350X (pbk. : alk. paper).
020    @a0815623496 (alk. paper).
035    @A(DLC) 85022306
040    @aDLC@cDLC@dDLC
043    @an-us---@an-cn---
050 00 @aE99.I7@bH34 1986
082 00 @a973/.0497@2 19
090    @aK351.0
099    @dK351.0@ex6
100 1  @aHauptman, Laurence M.
245 14 @aThe Iroquois struggle for survival :@bWorld War II to red power / @cLaurence M. Hauptman.
250    @a1st ed.
260    @aSyracuse, N.Y. :@bSyracuse University Press,@c1986.
300    @axiii, 328 p. :@bill. ;@c24 cm.
440  3 @aAn Iroquois book
500    @aIncludes index.
504    @aBibliography: p. 285-313.
650  0 @aIroquois Indians@xHistory.
650  0 @aIroquois Indians@xGovernment relations.
906    @a7@bcbc@corignew@d1@eocip@f19@gy-gencatlg
991    @bc-GenColl@hE99.I7@iH34 1986@p00038644890@tCopy 1@wBOOKS
    
    The Iroquois struggle for survival : : World War II to red power / / Laurence M. Hauptman.-1st ed.-Syracuse, N.Y. : : Syracuse University Press, , 1986.
    xiii, 328 p. : : ill. ; ; 24 cm.- (An Iroquois book )
    Includes index.-Bibliography: p. 285-313.
    
    ISBN 081562350X (pbk. : alk. paper).
    
●
相关链接 在E读中查询图书 在五车中查询图书 在当当中查询图书 在豆瓣中查询图书


正题名:Iroquois struggle for survival     索取号:K351.0/x6         预约/预借

序号 登录号 条形码 馆藏地/架位号 状态 备注
1 9822   300098221   第二样本阅览室/ [索取号:K351.0/x6] 在馆    
2 9823   300098230   第四借阅区/ [索取号:K351.0/x6] 在馆    
3 9824   300098249   第四借阅区/ [索取号:K351.0/x6] 在馆    
4 9825   300098258   密集书库/ [索取号:K351.0/x6] 在馆    
5 9826   300098267   密集书库/ [索取号:K351.0/x6] 在馆    
唐山师范学院图书馆 欢迎您!
大连网信软件有限公司© 版权所有